Belügyminisztériumi rendelet a kóbor cigányok tartózkodási helyeinek kijelöléséről

Elmentve itt :
Bibliográfiai részletek
Szerző: Sándor János
Dokumentumtípus: Kézirat
Megjelent: 1916
Kulcsszavak:cigánykérdés, kóbor cigányok, cigányok letelepítése, rendelet, adminisztráció, közigazgatás
Online Access:http://misc.bibl.u-szeged.hu/46947
LEADER 00703ntm a2200169 i 4500
001 misc46947
005 20200527102833.0
008 200527s1916 hu o 0|| hun d
040 |a SZTE Miscellanea Repozitórium  |b hun 
041 |a hun 
100 1 |a Sándor János 
245 1 0 |a Belügyminisztériumi rendelet a kóbor cigányok tartózkodási helyeinek kijelöléséről  |h [elektronikus dokumentum] /  |c  Sándor János 
260 |c 1916 
300 |a 5 
561 |a Herrmann Antal hagyaték 
695 |a cigánykérdés, kóbor cigányok, cigányok letelepítése, rendelet, adminisztráció, közigazgatás 
856 4 0 |u http://misc.bibl.u-szeged.hu/46947/1/hermann_antal_ms_1934_004_egyeb_185.pdf  |z Dokumentum-elérés